000 00861nam a2200265Ia 4500
003 OSt
005 20220918171218.0
006 a|||||r|||| 00| 0
007 ta
008 220917b |||||||| |||| 00| 0 eng d
020 _a9781412922883 (hbk)
_c4887
024 _a236,477
037 _b220, 23/10/2008, Bharatiya Sahitya Bhavana
_cTextual
040 _aARTS
_cARTS
_beng
041 _2eng
_aeng
082 _aY12:7:7, P7
100 _aSilbereisen Rainer K. Ed.
_934806
245 0 _aApproaches to positive youth development
260 _aLos Angeles
_b Sage Publications USA
_c2007
300 _axii, 352p.
_ccm.
650 _aSOCIOLOGY
700 _a Lerner Richard M. Ed.
942 _hY12:7:7, P7
_cTEXL
_2CC
999 _c138356
_d138356